=LDR 00000nam 2200000 4500 =001 INLIS000000000050129 =005 20170419133615.0 =006 =007 =008 =020 ##$$a 978-602-7874-84-8 =035 ##$$0010-041700000000319 =040 ##$$a NBPDMAT =082 ##$$a 370.1 =090 ##$$a 370. 1 ahm P =100 ##$$a Ahmad, Rulam =245 ##$$a Pengantar Pendidikan : Asas dan Filsafat =250 ##$$a Cet . 2. =260 ##$$a Yogyakarta : Ar-Ruzz Media, 2016 =300 ##$$a 248 hlm. ; 24 cm. =650 ##$$a Asas Dan Filsafat =850 ##$$a NBPDMAT